书目信息 |
| 题名: |
中国教育改革30年
|
|
| 作者: | 王英杰 , 刘宝存 主编 | |
| 分册: | 高等教育卷 | |
| 出版信息: | 北京 北京师范大学出版社 2009 |
|
| 页数: | 331页 | |
| 开本: | 23cm | |
| 丛书名: | ||
| 单 册: | ||
| 中图分类: | G521 , G649.21 | |
| 科图分类: | ||
| 主题词: | 教育改革--研究--中国 , 高等教育--教育改革--研究--中国 , 教育改革 , 高等教育 | |
| 电子资源: | ||
| ISBN: | 978-7-303-09595-7 | |
| 000 | 01006nam0 2200301 45 | |
| 001 | 1029871308 | |
| 005 | 20100428155503.96 | |
| 010 | @a978-7-303-09595-7@dCNY45.00 | |
| 100 | @a20100420d2009 em y0chiy50 ea | |
| 101 | 0 | @achi |
| 102 | @aCN@b110000 | |
| 105 | @ay z 000yy | |
| 106 | @ar | |
| 200 | 1 | @a中国教育改革30年@AZhong Guo Jiao Yu Gai Ge 30 Nian@i高等教育卷@IGao Deng Jiao Yu Juan@f王英杰,刘宝存主编@FWang Ying Jie, Liu Bao Cun Zhu Bian |
| 210 | @a北京@c北京师范大学出版社@d2009 | |
| 215 | @a331页@d23cm | |
| 300 | @a北京师范大学社会科学处资助项目 | |
| 330 | @a本书内容包括:高等教育事业的发展、高等教育管理体制改革、高等教育评估的发展与改革等。 | |
| 606 | 0 | @a教育改革@x研究@y中国 |
| 606 | 0 | @a高等教育@x教育改革@x研究@y中国 |
| 606 | 0 | @a教育改革 |
| 606 | 0 | @a高等教育 |
| 690 | @aG521@v4 | |
| 690 | @aG649.21@v4 | |
| 701 | 0 | @a王英杰@AWang Ying Jie@4主编 |
| 701 | 0 | @a刘宝存@ALiu Bao Cun@4主编 |
| 801 | 0 | @aCN@bTANGWEI@c20100428 |
| 905 | @b0593472-76@dG521@e143:3@f5 | |
| 中国教育改革30年.高等教育卷/王英杰,刘宝存主编.-北京:北京师范大学出版社,2009 |
| 331页;23cm |
| 北京师范大学社会科学处资助项目 |
| ISBN 978-7-303-09595-7:CNY45.00 |
| 本书内容包括:高等教育事业的发展、高等教育管理体制改革、高等教育评估的发展与改革等。 |
| ● |
| 相关链接 |
|
|
|
|
正题名:中国教育改革30年
索取号:G521/143:3
 
预约/预借
| 序号 | 登录号 | 条形码 | 馆藏地/架位号 | 状态 | 备注 |
| 1 | 0593472 | 205934729 | 第一样本阅览室/ [索取号:G521/143:3] | 在馆 | |
| 2 | 0593473 | 205934738 | 教育系资料室/ [索取号:G521/143:3] | 在馆 | |
| 3 | 0593474 | 205934747 | 第四借阅区/ [索取号:G521/143:3] | 在馆 | |
| 4 | 0593475 | 205934756 | 第四借阅区/ [索取号:G521/143:3] | 在馆 | |
| 5 | 0593476 | 205934765 | 第四借阅区/ [索取号:G521/143:3] | 在馆 |